MEMORIES OF A PROFESSOR AND PARLIAMENTAR (Record no. 25823)

MARC details
000 -LEADER
fixed length control field 00345nam a2200133Ia 4500
008 - FIXED-LENGTH DATA ELEMENTS--GENERAL INFORMATION
fixed length control field 240624s9999 xx 000 0 und d
041 ## - LANGUAGE CODE
Language code of text/sound track or separate title eng
082 ## - DEWEY DECIMAL CLASSIFICATION NUMBER
Classification number 828 THA
100 ## - MAIN ENTRY--PERSONAL NAME
Personal name THAKUR C P
245 ## - TITLE STATEMENT
Title MEMORIES OF A PROFESSOR AND PARLIAMENTAR
260 ## - PUBLICATION, DISTRIBUTION, ETC.
Date of publication, distribution, etc. 2012
Place of publication, distribution, etc. New Delhi
Name of publisher, distributor, etc. Tata McGraw-Hill
300 ## - PHYSICAL DESCRIPTION
Extent 174 : p. : cm. ; 24
365 ## - TRADE PRICE
Currency code RS
Price amount 33
Holdings
Withdrawn status Lost status Damaged status Not for loan Home library Current library Shelving location Date acquired Source of acquisition Cost, normal purchase price Full call number Barcode Date last seen Copy number Price effective from Koha item type
        IMTN IMTN Rack 43-A 11/30/2015 VBC 520.00 828 THA 25823 06/24/2024 1 06/24/2024 Books
Designed & Maintained by: LRC IMT Nagpur Contact: lrc@imtnag.ac.in© 2024. All Rights Reserved.